Welcome to University of Cape Coast Library, Online Public Access Catalogue (OPAC)

Handbook of personality : (Record no. 26667)

MARC details
000 -LEADER
fixed length control field 04714cam a2200649 a 4500
001 - CONTROL NUMBER
control field ocm21593110
003 - CONTROL NUMBER IDENTIFIER
control field OCoLC
005 - DATE AND TIME OF LATEST TRANSACTION
control field 20220304153320.0
008 - FIXED-LENGTH DATA ELEMENTS--GENERAL INFORMATION
fixed length control field 900501s1990 nyua b 001 0 eng
010 ## - LIBRARY OF CONGRESS CONTROL NUMBER
LC control number 90037936
016 7# - NATIONAL BIBLIOGRAPHIC AGENCY CONTROL NUMBER
Record control number 9303218
Source DNLM
016 7# - NATIONAL BIBLIOGRAPHIC AGENCY CONTROL NUMBER
Record control number BA10529515
Source JP-ToKJK
020 ## - INTERNATIONAL STANDARD BOOK NUMBER
International Standard Book Number 0898624304
Qualifying information (alk. paper)
020 ## - INTERNATIONAL STANDARD BOOK NUMBER
International Standard Book Number 9780898624304
Qualifying information (alk. paper)
020 ## - INTERNATIONAL STANDARD BOOK NUMBER
International Standard Book Number 0898625939
020 ## - INTERNATIONAL STANDARD BOOK NUMBER
International Standard Book Number 9780898625936
029 1# - OTHER SYSTEM CONTROL NUMBER (OCLC)
OCLC library identifier AU@
System control number 000007548958
029 1# - OTHER SYSTEM CONTROL NUMBER (OCLC)
OCLC library identifier DEBBG
System control number BV004045094
029 1# - OTHER SYSTEM CONTROL NUMBER (OCLC)
OCLC library identifier DEBBG
System control number BV021902054
029 1# - OTHER SYSTEM CONTROL NUMBER (OCLC)
OCLC library identifier DEBSZ
System control number 022324941
029 1# - OTHER SYSTEM CONTROL NUMBER (OCLC)
OCLC library identifier GBVCP
System control number 02706462X
029 1# - OTHER SYSTEM CONTROL NUMBER (OCLC)
OCLC library identifier GEBAY
System control number 1432747
029 1# - OTHER SYSTEM CONTROL NUMBER (OCLC)
OCLC library identifier HEBIS
System control number 014436639
029 1# - OTHER SYSTEM CONTROL NUMBER (OCLC)
OCLC library identifier NLM
System control number 9303218
029 1# - OTHER SYSTEM CONTROL NUMBER (OCLC)
OCLC library identifier NZ1
System control number 4354711
029 1# - OTHER SYSTEM CONTROL NUMBER (OCLC)
OCLC library identifier UNITY
System control number 054675529
035 ## - SYSTEM CONTROL NUMBER
System control number (OCoLC)21593110
Canceled/invalid control number (OCoLC)27643898
-- (OCoLC)1027903360
040 ## - CATALOGING SOURCE
Original cataloging agency DLC
Language of cataloging eng
Transcribing agency DLC
Modifying agency OCL
-- PMC
-- VET
-- OCL
-- NLM
-- MUQ
-- NLGGC
-- BTCTA
-- YDXCP
-- BAKER
-- DEBBG
-- GBVCP
-- SGE
-- OCLCO
-- OCLCF
-- OCLCQ
-- DEBSZ
-- OCLCQ
-- FC@
-- VYT
-- OCLCO
-- OCLCQ
-- WLU
-- OCLCO
-- DHA
-- OCLCA
-- APUMS
-- OCLCQ
-- CNO
-- OCLCA
-- OCLCQ
050 00 - LIBRARY OF CONGRESS CALL NUMBER
Classification number BF698
Item number .H335 1990
060 00 - NATIONAL LIBRARY OF MEDICINE CALL NUMBER
Classification number BF 698
Item number H2364 1990
082 00 - DEWEY DECIMAL CLASSIFICATION NUMBER
Classification number 155.2
Edition number 20
084 ## - OTHER CLASSIFICATION NUMBER
Classification number 77.52
Number source bcl
084 ## - OTHER CLASSIFICATION NUMBER
Classification number CR 1000
Number source rvk
245 00 - TITLE STATEMENT
Title Handbook of personality :
Remainder of title theory and research /
Statement of responsibility, etc. edited by Lawrence A. Pervin.
260 ## - PUBLICATION, DISTRIBUTION, ETC.
Place of publication, distribution, etc. New York :
Name of publisher, distributor, etc. Guilford Press,
Date of publication, distribution, etc. �1990.
300 ## - PHYSICAL DESCRIPTION
Extent xiv, 738 pages :
Other physical details illustrations ;
Dimensions 26 cm
504 ## - BIBLIOGRAPHY, ETC. NOTE
Bibliography, etc. note Includes bibliographical references and index.
505 00 - FORMATTED CONTENTS NOTE
Title A brief history of modern personality theory /
Statement of responsibility Lawrence A. Pervin --
Title Psychoanalytic approaches to personality /
Statement of responsibility Drew Westen --
Title The "big five" factor taxonomy : dimensions of personality in the natural language and in questionnaires /
Statement of responsibility Oliver P. John --
Title Advances in Cattellian personality theory /
Statement of responsibility Raymond B. Cattell --
Title Personality dispositions revisited and revised : a view after three decades /
Statement of responsibility Walter Mischel --
Title Personality, cognition, and purposive behavior /
Statement of responsibility Nancy Cantor and Sabrina Zirkel --
Title Cognitive-experiential self-theory /
Statement of responsibility Seymour Epstein --
Title Personality development from an interactional perspective /
Statement of responsibility David Magnusson --
Title Behavioral genetics and personality /
Statement of responsibility Robert Plomin, Heather M. Chipuer, and John C. Loehlin --
Title Biological dimensions of personality /
Statement of responsibility Hans J. Eysenck --
Title Self-knowledge and social development in early life /
Statement of responsibility Michael Lewis --
Title Personality, social psychology, and person-situation relations : standards and knowledge activation as a common language /
Statement of responsibility E. Tory Higgins --
Title The disorders of personality /
Statement of responsibility Theodore Millon --
Title Personality change and psychotherapy /
Statement of responsibility Stanley B. Messer and Seth Warren --
Title The semiotic subject of cultural psychology /
Statement of responsibility Richard A. Schweder and Maria A. Sullivan --
Title Personality and private experience : individual variations in consciousness and in attention to subjective phenomena /
Statement of responsibility Jerome L. Singer and George A. Bonanno --
Title The psychological unconscious /
Statement of responsibility John F. Kihlstrom --
Title Attribution in personality psychology /
Statement of responsibility Bernard Weiner --
Title Sex, gender, and the individual /
Statement of responsibility Richard D. Ashmore --
Title Perspectives on competence motivation /
Statement of responsibility Richard Koestner and David C. McClelland --
Title Personality continuity and change across the life course /
Statement of responsibility Avshalom Caspi and Daryl J. Bem --
Title The interpersonal self /
Statement of responsibility Hazel Markus and Susan Cross --
Title Emotion and adaptation /
Statement of responsibility Craig A. Smith and Richard S. Lazarus --
Title Personality and health /
Statement of responsibility Richard J. Contrada, Howard Leventhal, and Ann O'Leary --
Title Personality and politics /
Statement of responsibility Dean Keith Simonton --
Title Personality assessment : a conceptual survey /
Statement of responsibility Leonard G. Rorer --
Title Personality theory and research : prospects for the future /
Statement of responsibility Lawrence A. Pervin.
583 1# - ACTION NOTE
Action committed to retain
Time/date of action 20160630
Action interval 20310630
Authorization EAST
Uniform Resource Identifier <a href="http://eastlibraries.org/retained-materials">http://eastlibraries.org/retained-materials</a>
Institution to which field applies CtW
Public note This title retained by Wesleyan University Library on behalf of the Eastern Academic Scholars Trust (EAST) print archive
650 #0 - SUBJECT ADDED ENTRY--TOPICAL TERM
Topical term or geographic name entry element Personality.
9 (RLIN) 44525
650 #2 - SUBJECT ADDED ENTRY--TOPICAL TERM
Topical term or geographic name entry element Personality.
9 (RLIN) 44525
650 #6 - SUBJECT ADDED ENTRY--TOPICAL TERM
Topical term or geographic name entry element Personnalit�e
9 (RLIN) 31465
650 #7 - SUBJECT ADDED ENTRY--TOPICAL TERM
Topical term or geographic name entry element Personality.
Source of heading or term fast
9 (RLIN) 44525
650 17 - SUBJECT ADDED ENTRY--TOPICAL TERM
Topical term or geographic name entry element Persoonlijkheid.
Source of heading or term gtt
9 (RLIN) 7859
650 #7 - SUBJECT ADDED ENTRY--TOPICAL TERM
Topical term or geographic name entry element Pers�onlichkeitsforschung
Source of heading or term gnd
9 (RLIN) 44526
650 #7 - SUBJECT ADDED ENTRY--TOPICAL TERM
Topical term or geographic name entry element Pers�onlichkeitspsychologie
Source of heading or term gnd
9 (RLIN) 44527
650 #7 - SUBJECT ADDED ENTRY--TOPICAL TERM
Topical term or geographic name entry element Pers�onlichkeitstheorie
Source of heading or term gnd
9 (RLIN) 44528
650 #7 - SUBJECT ADDED ENTRY--TOPICAL TERM
Topical term or geographic name entry element Theoriebildung
Source of heading or term gnd
9 (RLIN) 44529
650 #7 - SUBJECT ADDED ENTRY--TOPICAL TERM
Topical term or geographic name entry element Personality.
Source of heading or term nasat
9 (RLIN) 44525
653 #0 - INDEX TERM--UNCONTROLLED
Uncontrolled term Personality
655 #4 - INDEX TERM--GENRE/FORM
Genre/form data or focus term Aufsatzsammlung.
9 (RLIN) 44530
700 1# - ADDED ENTRY--PERSONAL NAME
Personal name Pervin, Lawrence A.
9 (RLIN) 1386
856 41 - ELECTRONIC LOCATION AND ACCESS
Materials specified Table of contents
Uniform Resource Identifier <a href="http://www.gbv.de/dms/bowker/toc/9780898625936.pdf">http://www.gbv.de/dms/bowker/toc/9780898625936.pdf</a>
856 41 - ELECTRONIC LOCATION AND ACCESS
Materials specified Table of contents
Uniform Resource Identifier <a href="http://digitool.hbz-nrw.de:1801/webclient/DeliveryManager?pid=3347444">http://digitool.hbz-nrw.de:1801/webclient/DeliveryManager?pid=3347444</a>
942 ## - ADDED ENTRY ELEMENTS (KOHA)
Koha item type Books
948 ## - LOCAL PROCESSING INFORMATION (OCLC); SERIES PART DESIGNATOR (RLIN)
h (OCLC) NO HOLDINGS IN GHUCC - 710 OTHER HOLDINGS
Holdings
Lost status Collection code Home library Shelving location Date acquired Total Checkouts Full call number Barcode Date last seen Date last checked out Koha item type
  Open UCC Main Library   10/11/2018 2 BF698.H19 30261100418971 02/05/2019 01/22/2019 Books
Koha©2022 UCC.All Right Reserved.Site Developed by Sam Jonah Library IT Team
<Home | Contact | Library publications |Research Tools | Research Guides |https://ucclivechat.library-gh.net/index.php/chat

If you have questions or concern please contact the Library.



PMB, University of Cape Coast

KOHA HOME